Historical figures by picture - F - Statistics

General Stats
  • This quiz has been taken 657 times
  • The average score is 8 of 16
Answer Stats
Picture Hint Answer % Correct
1929-1945 Frank
99%
1705-1790 Franklin
92%
1863-1914 Ferdinand
83%
1856-1939 Freud
83%
1892-1975 Franco
65%
1863-1947 Ford
51%
1570-1606 Fawkes
46%
1881-1955 Fleming
44%
1181-1226 Franciscus
40%
1170-ca. 1250? Fibonacci
32%
1906-1975 Faisal
30%
1905-1982 Fonda
27%
1712-1786 Frederick
27%
1791-1867 Faraday
16%
1851-1929 Foch
12%
1774-1840 Friedrich
9%
No matching quizzes found
Score Distribution
Percent of People with Each Score
Percentile by Number Answered
Your Score History
You have not taken this quiz